|
|
|
|
| LEADER |
02906nam a2200517 4500 |
| 001 |
978-3-319-67253-3 |
| 003 |
DE-He213 |
| 005 |
20191026162035.0 |
| 007 |
cr nn 008mamaa |
| 008 |
170921s2018 gw | s |||| 0|eng d |
| 020 |
|
|
|a 9783319672533
|9 978-3-319-67253-3
|
| 024 |
7 |
|
|a 10.1007/978-3-319-67253-3
|2 doi
|
| 040 |
|
|
|d GrThAP
|
| 050 |
|
4 |
|a GV706.5
|
| 072 |
|
7 |
|a JHBS
|2 bicssc
|
| 072 |
|
7 |
|a SPO066000
|2 bisacsh
|
| 072 |
|
7 |
|a JHBS
|2 thema
|
| 082 |
0 |
4 |
|a 306.48
|2 23
|
| 100 |
1 |
|
|a Kerr, Robert L.
|e author.
|4 aut
|4 http://id.loc.gov/vocabulary/relators/aut
|
| 245 |
1 |
4 |
|a The Sociology of Sports-Talk Radio
|h [electronic resource] /
|c by Robert L. Kerr.
|
| 250 |
|
|
|a 1st ed. 2018.
|
| 264 |
|
1 |
|a Cham :
|b Springer International Publishing :
|b Imprint: Palgrave Macmillan,
|c 2018.
|
| 300 |
|
|
|a VII, 99 p.
|b online resource.
|
| 336 |
|
|
|a text
|b txt
|2 rdacontent
|
| 337 |
|
|
|a computer
|b c
|2 rdamedia
|
| 338 |
|
|
|a online resource
|b cr
|2 rdacarrier
|
| 347 |
|
|
|a text file
|b PDF
|2 rda
|
| 505 |
0 |
|
|a 1. Introduction: Why the Sociology of Sports-Talk Radio Matters -- 2. National Sports Talk -- 3. More Intensity in Major Regional Talk -- 4. Small Talk and a Perfect Example of Contested Narratives -- 5. Talk From Beyond the Male Gaze -- 6. Conclusion: What Matters Most Sociologically.
|
| 520 |
|
|
|a This book provides a descriptive analysis of the social interaction transpiring in what the author has conceptualized as the "the hyper-mediated marketplace of sports narratives." It examines the social structures and processes that make sports-talk radio such a vibrant societal milieu, and seeks to identify the essential sociological dynamics that make all that endless chatter so vital to listeners. A qualitative, descriptive analytical focus on this remarkable platform-where people come together to interact insistently, colorfully, and often with stunning ferocity-highlights key processes by which human communicators construct meaning.
|
| 650 |
|
0 |
|a Sports-Sociological aspects.
|
| 650 |
|
0 |
|a Cultural studies.
|
| 650 |
|
0 |
|a Mass media.
|
| 650 |
|
0 |
|a Communication.
|
| 650 |
|
0 |
|a Sociology.
|
| 650 |
1 |
4 |
|a Sociology of Sport and Leisure.
|0 http://scigraph.springernature.com/things/product-market-codes/X22220
|
| 650 |
2 |
4 |
|a Cultural Studies.
|0 http://scigraph.springernature.com/things/product-market-codes/X22040
|
| 650 |
2 |
4 |
|a Media Sociology.
|0 http://scigraph.springernature.com/things/product-market-codes/X22110
|
| 650 |
2 |
4 |
|a Gender Studies.
|0 http://scigraph.springernature.com/things/product-market-codes/X35000
|
| 710 |
2 |
|
|a SpringerLink (Online service)
|
| 773 |
0 |
|
|t Springer eBooks
|
| 776 |
0 |
8 |
|i Printed edition:
|z 9783319672526
|
| 776 |
0 |
8 |
|i Printed edition:
|z 9783319672540
|
| 776 |
0 |
8 |
|i Printed edition:
|z 9783319884004
|
| 856 |
4 |
0 |
|u https://doi.org/10.1007/978-3-319-67253-3
|z Full Text via HEAL-Link
|
| 912 |
|
|
|a ZDB-2-SLS
|
| 950 |
|
|
|a Social Sciences (Springer-41176)
|